000
00299 a2200133 4500
001
121722
020
_a
9782011557087
040
_c
Escola Canadense de Niteroi
100
_a
Himber, Céline
245
1
0
_a
Adosphère 1- Méthode de Français
362
0
_a
2011
650
4
_a
Francês
942
_c
BK
999
_c
121722
_d
121722